[Event "XI Torneo Banco di Roma B"]
[Site "Roma ITA"]
[Date "1988.02.??"]
[Round "1"]
[White "Bukal, Vladimir sr"]
[Black "Bellia, Fabrizio"]
[WhiteElo "2415"]
[BlackElo "2265"]
[Result "0-1"]
[PlyCount "114"]
[EventDate "1988.02.20"]

1. c4 Nf6 2. Nc3 g6 3. g3 Bg7 4. Bg2 O-O 5. d4 c6 6. e4 d6 7. h3 e5 8. Nf3 Nbd7
9. O-O Qb6 10. Re1 exd4 11. Nxd4 Ne8 12. Nb3 a5 13. Be3 Qb4 14. a3 Qxc4 15. Rc1
a4 16. Nd4 Qa6 17. f4 Qa5 18. Rc2 Nc5 19. Rd2 Bd7 20. Kh2 Bc8 21. Qc2 Nc7 22.
Red1 Re8 23. Re1 Bf8 24. f5 Nd7 25. Rf2 Bg7 26. Ref1 Ne5 27. f6 Bf8 28. Qd1 Qa6
29. Nf5 Bxf5 30. exf5 Qd3 31. Bb6 Qxd1 32. Rxd1 Rec8 33. fxg6 hxg6 34. Rf4 Nd7
35. Bg1 Ne6 36. Rxa4 Rxa4 37. Nxa4 Nxf6 38. Nb6 Rd8 39. Nc4 d5 40. Bb6 Ra8 41.
Ne5 Bc5 42. Bxc5 Nxc5 43. Nd3 Nfd7 44. Nxc5 Nxc5 45. Kg1 Re8 46. Kf2 Kf8 47. h4
f5 48. Kf3 Kf7 49. Bh3 Kf6 50. Bf1 Ne4 51. Bd3 Ke5 52. a4 Ra8 53. Bc2 c5 54. b3
b6 55. Bd3 Rh8 56. Bb5 g5 57. Bc6 d4 0-1

[Event "XI Torneo Banco di Roma B"]
[Site "Roma ITA"]
[Date "1988.02.??"]
[Round "1"]
[White "Cocozza, Mario"]
[Black "Nikolic, Stanimir"]
[WhiteElo "2315"]
[BlackElo "2335"]
[Result "1/2-1/2"]
[PlyCount "87"]
[EventDate "1988.02.20"]

1. c4 Nf6 2. Nc3 c5 3. g3 Nc6 4. Bg2 e6 5. Nf3 a6 6. O-O Be7 7. d4 cxd4 8. Nxd4
O-O 9. e4 Qc7 10. b3 Rb8 11. a4 Bb4 12. Bb2 Rd8 13. Rc1 Qb6 14. Nxc6 dxc6 15.
Qc2 e5 16. h3 Be6 17. Rfd1 Re8 18. Na2 Nd7 19. Nxb4 Qxb4 20. Bc3 Qe7 21. Rd2 b5
22. cxb5 cxb5 23. axb5 axb5 24. Qb2 f6 25. Ba5 Ra8 26. b4 Bc4 27. Bf1 Bxf1 28.
Kxf1 Qe6 29. Kg2 Nf8 30. Rc5 Rab8 31. Qc3 Rec8 32. Rc2 Rxc5 33. Qxc5 Rb7 34.
Rd2 Rd7 35. Rd5 Rxd5 36. exd5 Qd7 37. Qc6 Kf7 38. Bb6 h5 39. Qa8 Ng6 40. Bc5 h4
41. d6 Nf8 42. Qd5+ Qe6 43. Qb7+ Qd7 44. Qd5+ 1/2-1/2

[Event "XI Torneo Banco di Roma B"]
[Site "Roma ITA"]
[Date "1988.02.??"]
[Round "1"]
[White "Hansen, Lars Bo"]
[Black "Schneider, Attila"]
[WhiteElo "2365"]
[BlackElo "2420"]
[Result "1-0"]
[PlyCount "55"]
[EventDate "1988.02.20"]

1. d4 Nf6 2. c4 e6 3. Nf3 c5 4. dxc5 Bxc5 5. e3 b6 6. Be2 Bb7 7. O-O Qc7 8. a3
Ng4 9. Nbd2 Nc6 10. b4 Bd6 11. h3 h5 12. Bb2 Ne7 13. Bd3 f5 14. Rc1 Ng6 15. c5
bxc5 16. Bb5 Rd8 17. Bd4 Qb8 18. bxc5 Bxf3 19. Nxf3 Be7 20. Qb3 Kf7 21. c6 dxc6
22. Rxc6 Rd6 23. hxg4 hxg4 24. Ne5+ Nxe5 25. Bxe5 Qg8 26. Rxd6 Bxd6 27. Bxd6
Qh7 28. f3 1-0

[Event "XI Torneo Banco di Roma B"]
[Site "Roma ITA"]
[Date "1988.02.??"]
[Round "1"]
[White "Partos, Charles"]
[Black "Sibilio, Mario"]
[WhiteElo "2385"]
[BlackElo "2320"]
[Result "1-0"]
[PlyCount "66"]
[EventDate "1988.02.20"]

1. c4 Nf6 2. Nc3 c6 3. d4 d6 4. e4 e5 5. Nf3 Bg4 6. Be2 Nbd7 7. Be3 a6 8. O-O
b5 9. cxb5 axb5 10. a3 Rb8 11. b4 Be7 12. d5 cxd5 13. exd5 O-O 14. h3 Bxf3 15.
Bxf3 Nb6 16. Be2 Nc4 17. Ba7 Rc8 18. Nxb5 Nb6 19. Bxb6 Qxb6 20. Qd3 e4 21. Qb3
Nh5 22. Rfd1 Nf4 23. Bf1 f5 24. Ra2 Bg5 25. a4 Rfe8 26. a5 Qd8 27. Na7 Rc7 28.
Nc6 Qf6 29. b5 Qg6 30. Kh1 e3 31. b6 Rf7 32. b7 e2 33. Bxe2 Nxe2 1-0

[Event "XI Torneo Banco di Roma B"]
[Site "Roma ITA"]
[Date "1988.02.??"]
[Round "1"]
[White "Passerotti, Pierluigi"]
[Black "Belotti, Bruno"]
[WhiteElo "2350"]
[BlackElo "2340"]
[Result "1/2-1/2"]
[PlyCount "35"]
[EventDate "1988.02.20"]

1. c4 Nf6 2. Nc3 c5 3. g3 e6 4. Nf3 b6 5. Bg2 Bb7 6. O-O Be7 7. b3 d6 8. e3 O-O
9. Bb2 Nbd7 10. Qe2 a6 11. h3 Qc7 12. e4 Rfe8 13. Rae1 Ne5 14. Nxe5 dxe5 15. f4
Nd7 16. Nd1 Rad8 17. Rf3 Bf6 18. f5 1/2-1/2

[Event "XI Torneo Banco di Roma B"]
[Site "Roma ITA"]
[Date "1988.02.??"]
[Round "2"]
[White "Bellia, Fabrizio"]
[Black "Hansen, Lars Bo"]
[WhiteElo "2265"]
[BlackElo "2365"]
[Result "0-1"]
[PlyCount "56"]
[EventDate "1988.02.20"]

1. e4 e6 2. d4 d5 3. Nd2 Nf6 4. e5 Ng8 5. Ngf3 c5 6. c3 Nc6 7. Bd3 Bd7 8. O-O
cxd4 9. cxd4 Qb6 10. Nb3 Nb4 11. Bb1 Ba4 12. Ng5 Be7 13. Qh5 g6 14. Qf3 Bxg5
15. Bxg5 Bxb3 16. Qxb3 Nc6 17. Qh3 Qxd4 18. Bxg6 Qxe5 19. Bh5 Qxg5 20. Qxe6+
Qe7 21. Qh3 Qf6 22. Rae1+ Nge7 23. Re6 Qg7 24. Rfe1 O-O 25. Rxe7 Nxe7 26. Rxe7
Rae8 27. Bxf7+ Qxf7 28. Qg3+ Qg6 0-1

[Event "XI Torneo Banco di Roma B"]
[Site "Roma ITA"]
[Date "1988.02.??"]
[Round "2"]
[White "Belotti, Bruno"]
[Black "Bukal, Vladimir sr"]
[WhiteElo "2340"]
[BlackElo "2415"]
[Result "1-0"]
[PlyCount "93"]
[EventDate "1988.02.20"]

1. d4 Nf6 2. c4 c5 3. d5 b5 4. Nf3 g6 5. cxb5 d6 6. Nc3 Bg7 7. e3 O-O 8. a4 a6
9. Ra3 Nbd7 10. Be2 axb5 11. Bxb5 Ba6 12. Bxa6 Rxa6 13. O-O Qa8 14. e4 Rb8 15.
Nb5 Rb7 16. Nd2 Nb6 17. b3 Ne8 18. Qc2 Nc7 19. Nxc7 Rxc7 20. Bb2 Bxb2 21. Qxb2
Rb7 22. Qc3 Nd7 23. Nc4 Rb4 24. Rfa1 Nb6 25. a5 Nxc4 26. bxc4 Qb7 27. h3 Rb1+
28. Kh2 Rb2 29. R1a2 Rb4 30. f4 f6 31. f5 Kg7 32. Qc2 Rb1 33. fxg6 Qb4 34. gxh7
Qe1 35. Qe2 Qxe2 36. Rxe2 Kxh7 37. Kg3 Kg6 38. Kf4 Rc1 39. Ra4 Rb1 40. Ke3 Kg5
41. Ra3 Rb8 42. Kf3 Rb1 43. g3 Rb4 44. h4+ Kg6 45. Rc2 Rb1 46. Ra4 Kh5 47. Rf2
1-0

[Event "XI Torneo Banco di Roma B"]
[Site "Roma ITA"]
[Date "1988.02.??"]
[Round "2"]
[White "Partos, Charles"]
[Black "Passerotti, Pierluigi"]
[WhiteElo "2385"]
[BlackElo "2350"]
[Result "1/2-1/2"]
[PlyCount "82"]
[EventDate "1988.02.20"]

1. d4 d5 2. c4 c6 3. Nf3 Nf6 4. e3 e6 5. Nbd2 Nbd7 6. b3 Bd6 7. Bb2 Qe7 8. Be2
e5 9. dxe5 Nxe5 10. O-O O-O 11. cxd5 Nxd5 12. Nc4 Nxc4 13. Bxc4 Nf6 14. Qd4 Bg4
15. h3 Bxf3 16. gxf3 Rad8 17. Qh4 Be5 18. Bxe5 Qxe5 19. f4 Qb2 20. a4 Rd2 21.
Rab1 Qc2 22. Rbc1 Qf5 23. Rfe1 Rfd8 24. f3 h6 25. Kh1 Ne4 26. Be2 R8d6 27. Rc4
Qf6 28. Qxf6 Nxf6 29. f5 Rb2 30. b4 Rdd2 31. Bf1 a6 32. Kg1 Nd5 33. b5 axb5 34.
axb5 Rxb5 35. Re4 Rbb2 36. Re8+ Kh7 37. e4 Nf4 38. Rf8 f6 39. Ra1 h5 40. Raa8
Kh6 41. h4 g5 1/2-1/2

[Event "XI Torneo Banco di Roma B"]
[Site "Roma ITA"]
[Date "1988.02.??"]
[Round "2"]
[White "Schneider, Attila"]
[Black "Cocozza, Mario"]
[WhiteElo "2420"]
[BlackElo "2315"]
[Result "1/2-1/2"]
[PlyCount "110"]
[EventDate "1988.02.20"]

1. d4 Nf6 2. c4 g6 3. Nc3 d5 4. Nf3 Bg7 5. Bg5 Ne4 6. Bh4 Nxc3 7. bxc3 c5 8.
cxd5 Qxd5 9. e3 cxd4 10. cxd4 Nc6 11. Be2 O-O 12. O-O e5 13. dxe5 Qa5 14. Qb3
Nxe5 15. Nxe5 Qxe5 16. Rac1 a5 17. Bg3 Qb2 18. Qxb2 Bxb2 19. Rc7 Bf6 20. Rfc1
Be6 21. a4 Rac8 22. Bf3 b6 23. h3 Be7 24. Be5 Ba3 25. R1c6 Bc5 26. Bf6 Rxc7 27.
Rxc7 Rc8 28. Rxc8+ Bxc8 29. Bc6 Kf8 30. e4 Be7 31. e5 Bb4 32. Kh2 h6 33. g4 g5
34. Kg3 Kg8 35. h4 Bd2 36. hxg5 hxg5 37. Kf3 Bf4 38. Ke4 Bxg4 39. Bd8 Kg7 40.
Bxb6 Bd2 41. Bd8 Kg6 42. Kd4 Bd1 43. f3 g4 44. fxg4 Bxg4 45. Bc7 Bd1 46. Be8
Bb3 47. Bd8 Kf5 48. Bd7+ Be6 49. Bb5 Bb3 50. Bc7 f6 51. Bd7+ Be6 52. Bxe6+ Kxe6
53. exf6 Kxf6 54. Kd5 Ke7 55. Kc6 Ke6 1/2-1/2

[Event "XI Torneo Banco di Roma B"]
[Site "Roma ITA"]
[Date "1988.02.??"]
[Round "2"]
[White "Sibilio, Mario"]
[Black "Nikolic, Stanimir"]
[WhiteElo "2320"]
[BlackElo "2335"]
[Result "0-1"]
[PlyCount "103"]
[EventDate "1988.02.20"]

1. Nf3 c5 2. g3 Nc6 3. Bg2 Nf6 4. O-O d5 5. d3 e5 6. Bg5 Be7 7. Nbd2 O-O 8. e4
d4 9. Nc4 h6 10. Bd2 Qc7 11. a4 Ne8 12. Qe1 Be6 13. b3 b6 14. h3 Kh7 15. Nh4
Bxh4 16. gxh4 Qd7 17. Kh2 Nc7 18. f4 exf4 19. Bxf4 Bxc4 20. bxc4 Ne6 21. Bg3
Rae8 22. Qf2 Ned8 23. Bf4 Ne5 24. a5 Ndc6 25. axb6 axb6 26. Rab1 Nb4 27. Qg3 f6
28. Rf2 Qf7 29. Bf3 Ra8 30. Rg1 Nxf3+ 31. Qxf3 Ra2 32. Rgg2 Rfa8 33. Qg3 R8a7
34. Qg4 h5 35. Qg3 Rb2 36. e5 Rb1 37. exf6 gxf6 38. Qf3 Raa1 39. Qe4+ f5 40.
Qe5 Rh1+ 41. Kg3 Rae1 42. Qd6 Re6 43. Qd8 Qg7+ 44. Qg5 Rg6 45. Re2 Rxg5+ 46.
hxg5 Rf1 47. h4 Qb7 48. Bd6 f4+ 49. Kh2 f3 50. g6+ Kg7 51. Re6 fxg2 52. Be5+
0-1

[Event "XI Torneo Banco di Roma B"]
[Site "Roma ITA"]
[Date "1988.02.??"]
[Round "3"]
[White "Bukal, Vladimir sr"]
[Black "Partos, Charles"]
[WhiteElo "2415"]
[BlackElo "2385"]
[Result "0-1"]
[PlyCount "110"]
[EventDate "1988.02.20"]

1. c4 c5 2. Nc3 Nc6 3. Nf3 Nf6 4. g3 d5 5. cxd5 Nxd5 6. Bg2 Nb6 7. d3 e5 8. O-O
Be7 9. Be3 O-O 10. Rc1 Be6 11. Ne4 c4 12. Nc5 Bxc5 13. Bxc5 Re8 14. dxc4 Nxc4
15. b3 Qa5 16. bxc4 Qxc5 17. Ng5 Bf5 18. Ne4 Bxe4 19. Bxe4 Rad8 20. Qc2 g6 21.
e3 Re7 22. Rfd1 Red7 23. Rd5 Qe7 24. Qb2 Rxd5 25. cxd5 Na5 26. Bg2 b6 27. e4
Nb7 28. f4 f6 29. Rc6 Nc5 30. fxe5 fxe5 31. h4 g5 32. h5 g4 33. Qd2 Kh8 34. Qh6
Qg7 35. Qe3 Qe7 36. Qh6 Qg7 37. Qf6 Qxf6 38. Rxf6 Kg7 39. Rf5 Re8 40. Rg5+ Kh6
41. Rxg4 Nd7 42. Bf1 Rc8 43. Rh4 Nf6 44. Kf2 Rc2+ 45. Kf3 Rxa2 46. Bh3 Rh2 47.
d6 Rd2 48. d7 Nxd7 49. Bxd7 Rxd7 50. Kg4 b5 51. Kf5 b4 52. g4 b3 53. Kf6 Rd6+
54. Kxe5 Rb6 55. Rh1 a5 0-1

[Event "XI Torneo Banco di Roma B"]
[Site "Roma ITA"]
[Date "1988.02.??"]
[Round "3"]
[White "Cocozza, Mario"]
[Black "Bellia, Fabrizio"]
[WhiteElo "2315"]
[BlackElo "2265"]
[Result "1-0"]
[PlyCount "51"]
[EventDate "1988.02.20"]

1. c4 Nf6 2. Nc3 g6 3. d4 Bg7 4. e4 O-O 5. Bg5 d6 6. f3 Nbd7 7. Qd2 e5 8. d5 h6
9. Be3 Kh7 10. Bd3 Ng8 11. g4 Bf6 12. O-O-O Bg5 13. Bxg5 hxg5 14. h4 gxh4 15.
g5 Kg7 16. Rxh4 Nc5 17. f4 Nxd3+ 18. Qxd3 f6 19. Nf3 fxg5 20. Nxg5 Nf6 21. Rg1
Rh8 22. Rxh8 Qxh8 23. fxe5 dxe5 24. Qg3 Qe8 25. Nb5 Nh5 26. Nxc7 1-0

[Event "XI Torneo Banco di Roma B"]
[Site "Roma ITA"]
[Date "1988.02.??"]
[Round "3"]
[White "Hansen, Lars Bo"]
[Black "Belotti, Bruno"]
[WhiteElo "2365"]
[BlackElo "2340"]
[Result "1/2-1/2"]
[PlyCount "67"]
[EventDate "1988.02.20"]

1. d4 Nf6 2. c4 c5 3. d5 b5 4. a4 b4 5. g3 a5 6. Bg2 Ra7 7. e4 d6 8. b3 e5 9.
Bb2 g6 10. Nd2 Bg7 11. Ne2 O-O 12. O-O Nh5 13. Nc1 Qe8 14. Bf3 Nf6 15. Nd3 Bh3
16. Re1 Qc8 17. Qe2 Re7 18. Bh1 Ne8 19. f4 exf4 20. Bxg7 Nxg7 21. gxf4 Nf5 22.
Nf2 Nd4 23. Qd3 Bg4 24. h3 Bd7 25. Nf3 Nxf3+ 26. Qxf3 Qe8 27. Nd3 f6 28. Qg3
Qd8 29. Rf1 Bc8 30. e5 Bf5 31. e6 Bxd3 32. Qxd3 f5 33. Ra2 Rg7 34. Rg2 1/2-1/2

[Event "XI Torneo Banco di Roma B"]
[Site "Roma ITA"]
[Date "1988.02.??"]
[Round "3"]
[White "Nikolic, Stanimir"]
[Black "Schneider, Attila"]
[WhiteElo "2335"]
[BlackElo "2420"]
[Result "1-0"]
[PlyCount "79"]
[EventDate "1988.02.20"]

1. d4 Nf6 2. c4 e6 3. Nf3 c5 4. Nc3 cxd4 5. Nxd4 Bb4 6. Qb3 Be7 7. e4 d6 8. Be2
O-O 9. O-O Nbd7 10. Be3 a6 11. f4 Qc7 12. Rac1 Re8 13. Bf3 Bf8 14. Nde2 g6 15.
g4 h6 16. Ng3 Rb8 17. h4 b5 18. cxb5 axb5 19. g5 hxg5 20. hxg5 Nh7 21. Kg2 Qa5
22. Rh1 b4 23. Nce2 Bg7 24. Bd4 e5 25. Rxh7 exd4 26. Nxd4 Nc5 27. Rxg7+ Kxg7
28. Qd5 Qd8 29. Nc6 Ne6 30. Qd2 Qb6 31. Nxb8 Qxb8 32. f5 Nc5 33. f6+ Kg8 34.
Qf4 Nd3 35. Qh4 Qb6 36. Rf1 Qe3 37. Be2 Bb7 38. Bxd3 Qxd3 39. Qh6 Bxe4+ 40. Kh3
1-0

[Event "XI Torneo Banco di Roma B"]
[Site "Roma ITA"]
[Date "1988.02.??"]
[Round "3"]
[White "Passerotti, Pierluigi"]
[Black "Sibilio, Mario"]
[WhiteElo "2350"]
[BlackElo "2320"]
[Result "1/2-1/2"]
[PlyCount "39"]
[EventDate "1988.02.20"]

1. d4 Nf6 2. Nf3 b5 3. e3 a6 4. Bd3 Bb7 5. a4 b4 6. Nbd2 c5 7. c3 e6 8. O-O Nc6
9. e4 d5 10. e5 Nd7 11. Re1 h6 12. Nf1 Qb6 13. Be3 Be7 14. N3d2 O-O-O 15. Ng3
g6 16. Nf3 Kb8 17. Qe2 Rc8 18. Rec1 Ka8 19. h3 Qa7 20. a5 1/2-1/2

[Event "XI Torneo Banco di Roma B"]
[Site "Roma ITA"]
[Date "1988.02.??"]
[Round "4"]
[White "Bellia, Fabrizio"]
[Black "Nikolic, Stanimir"]
[WhiteElo "2265"]
[BlackElo "2335"]
[Result "0-1"]
[PlyCount "70"]
[EventDate "1988.02.20"]

1. e4 g6 2. d4 Bg7 3. Nf3 d6 4. Be2 c6 5. O-O Nf6 6. Nc3 O-O 7. h3 Qc7 8. Be3
e5 9. a4 a5 10. dxe5 dxe5 11. Nd2 Rd8 12. Qe1 Be6 13. Nc4 Nbd7 14. f4 Bxc4 15.
Bxc4 exf4 16. Bxf4 Ne5 17. Bb3 Rd7 18. Rd1 Rf8 19. Qf2 Rxd1 20. Rxd1 Nfd7 21.
Nb1 Kh8 22. Nd2 Qd6 23. c3 Qc5 24. Nf3 Qe7 25. Nxe5 Nxe5 26. Be3 Rd8 27. Rxd8+
Qxd8 28. Bxf7 Qd1+ 29. Kh2 Nd3 30. Qg3 Ne5 31. Bd4 Qh5 32. Qf4 h6 33. g4 Qg5
34. Qxg5 hxg5 35. Kg3 Nxf7 0-1

[Event "XI Torneo Banco di Roma B"]
[Site "Roma ITA"]
[Date "1988.02.??"]
[Round "4"]
[White "Belotti, Bruno"]
[Black "Cocozza, Mario"]
[WhiteElo "2340"]
[BlackElo "2315"]
[Result "1/2-1/2"]
[PlyCount "29"]
[EventDate "1988.02.20"]

1. e4 c6 2. d4 d5 3. Nd2 dxe4 4. Nxe4 Nd7 5. Bd3 Ngf6 6. Ng5 e6 7. N1f3 Bd6 8.
Qe2 h6 9. Ne4 Nxe4 10. Qxe4 Nf6 11. Qe2 c5 12. dxc5 Bxc5 13. Bf4 Qa5+ 14. c3
Be7 15. O-O 1/2-1/2

[Event "XI Torneo Banco di Roma B"]
[Site "Roma ITA"]
[Date "1988.02.??"]
[Round "4"]
[White "Partos, Charles"]
[Black "Hansen, Lars Bo"]
[WhiteElo "2385"]
[BlackElo "2365"]
[Result "1/2-1/2"]
[PlyCount "25"]
[EventDate "1988.02.20"]

1. d4 Nf6 2. c4 c5 3. d5 b5 4. cxb5 a6 5. b6 e6 6. Nc3 Qxb6 7. e4 Bb7 8. Bc4 g6
9. Nf3 Bg7 10. O-O O-O 11. a4 a5 12. Ra3 Na6 13. Re1 1/2-1/2

[Event "XI Torneo Banco di Roma B"]
[Site "Roma ITA"]
[Date "1988.02.??"]
[Round "4"]
[White "Sibilio, Mario"]
[Black "Schneider, Attila"]
[WhiteElo "2320"]
[BlackElo "2420"]
[Result "1/2-1/2"]
[PlyCount "26"]
[EventDate "1988.02.20"]

1. Nf3 c5 2. e4 d6 3. b3 Nf6 4. e5 dxe5 5. Nxe5 Nbd7 6. Bb2 e6 7. Na3 Nxe5 8.
Bxe5 a6 9. Nc4 b5 10. Ne3 Bb7 11. a4 Bc6 12. axb5 axb5 13. Bd3 Be7 1/2-1/2

[Event "XI Torneo Banco di Roma B"]
[Site "Roma ITA"]
[Date "1988.02.??"]
[Round "5"]
[White "Bukal, Vladimir sr"]
[Black "Sibilio, Mario"]
[WhiteElo "2415"]
[BlackElo "2320"]
[Result "1-0"]
[PlyCount "95"]
[EventDate "1988.02.20"]

1. c4 Nf6 2. Nc3 g6 3. g3 Bg7 4. Bg2 O-O 5. Nf3 d5 6. cxd5 Nxd5 7. O-O Nc6 8.
Re1 e5 9. Nxe5 Nxc3 10. Nxc6 Nxe2+ 11. Qxe2 bxc6 12. Bxc6 Rb8 13. Rb1 Rb6 14.
Qf3 Bf5 15. Be4 Rf6 16. d3 Bxe4 17. Qxe4 Re6 18. Qb4 c5 19. Qd2 Bd4 20. b3
Rxe1+ 21. Qxe1 Re8 22. Qd2 Qe7 23. Bb2 Qe2 24. Qxe2 Rxe2 25. Bxd4 cxd4 26. a4
Rd2 27. a5 Rxd3 28. Kf1 Kf8 29. Ke2 Rc3 30. b4 Ke8 31. b5 Kd7 32. Rb4 d3+ 33.
Ke3 Ra3 34. b6 axb6 35. axb6 Kc8 36. Rc4+ Kb8 37. Rc7 d2+ 38. Kxd2 Rf3 39. Ke2
Rf6 40. Ke3 h5 41. Re7 Kc8 42. b7+ Kb8 43. f4 Ka7 44. Ke4 Kb8 45. h3 Ka7 46. g4
hxg4 47. hxg4 Kb8 48. Ke5 1-0

[Event "XI Torneo Banco di Roma B"]
[Site "Roma ITA"]
[Date "1988.02.??"]
[Round "5"]
[White "Cocozza, Mario"]
[Black "Partos, Charles"]
[WhiteElo "2315"]
[BlackElo "2385"]
[Result "0-1"]
[PlyCount "81"]
[EventDate "1988.02.20"]

1. c4 e6 2. Nc3 d5 3. cxd5 exd5 4. d4 Nf6 5. Bg5 Be7 6. e3 c6 7. Qc2 Nbd7 8.
Nf3 Nf8 9. Bd3 Ne6 10. Bh4 g6 11. O-O Ng7 12. Rfe1 O-O 13. Qc1 Bf5 14. Bf1 Re8
15. a3 a5 16. Na4 Nd7 17. Bxe7 Qxe7 18. b3 Ne6 19. Qb2 Ng5 20. Nxg5 Qxg5 21. b4
b5 22. Nc5 Nxc5 23. dxc5 a4 24. Rad1 h5 25. Rd4 h4 26. Qd2 Be4 27. Kh1 Re6 28.
f3 Bf5 29. Kg1 Rae8 30. Kf2 Qh6 31. Rf4 Re5 32. Rd4 R8e7 33. Bd3 Bxd3 34. Qxd3
f5 35. f4 Re4 36. Rxe4 Rxe4 37. g3 hxg3+ 38. hxg3 Qh2+ 39. Kf3 Rc4 40. Qe2 Qh5+
41. Kg2 0-1

[Event "XI Torneo Banco di Roma B"]
[Site "Roma ITA"]
[Date "1988.02.??"]
[Round "5"]
[White "Hansen, Lars Bo"]
[Black "Passerotti, Pierluigi"]
[WhiteElo "2365"]
[BlackElo "2350"]
[Result "1/2-1/2"]
[PlyCount "81"]
[EventDate "1988.02.20"]

1. d4 d5 2. Bg5 h6 3. Bh4 c6 4. e3 Qb6 5. Qc1 e5 6. c3 Nd7 7. Nf3 e4 8. Nfd2
Ne7 9. f3 Ng6 10. Bf2 f5 11. g4 Nf6 12. Qc2 Be7 13. c4 O-O 14. gxf5 Bxf5 15. c5
Qb4 16. b3 Nh5 17. a3 Qa5 18. b4 Qd8 19. fxe4 dxe4 20. Nc3 Bh4 21. Qa2+ Kh8 22.
Ndxe4 Bxe4 23. Nxe4 Bxf2+ 24. Nxf2 Qh4 25. Bg2 Rae8 26. O-O Rxe3 27. Qd2 Rfe8
28. Rae1 Rxe1 29. Rxe1 Rxe1+ 30. Qxe1 Qxd4 31. Qd1 Qxd1+ 32. Nxd1 Nhf4 33. Be4
Ne7 34. Ne3 a5 35. Kf2 Ne6 36. Nc4 axb4 37. axb4 Nc7 38. Nd6 Na6 39. Nxb7 Nxb4
40. Nd8 g5 41. Kg3 1/2-1/2

[Event "XI Torneo Banco di Roma B"]
[Site "Roma ITA"]
[Date "1988.02.??"]
[Round "5"]
[White "Nikolic, Stanimir"]
[Black "Belotti, Bruno"]
[WhiteElo "2335"]
[BlackElo "2340"]
[Result "0-1"]
[PlyCount "120"]
[EventDate "1988.02.20"]

1. d4 Nf6 2. Nf3 c5 3. Nc3 cxd4 4. Nxd4 Nc6 5. e4 d6 6. Be2 e6 7. Be3 Be7 8.
O-O O-O 9. f4 a6 10. Bf3 Qc7 11. Qd2 Bd7 12. Nb3 Rab8 13. g4 Bc8 14. g5 Nd7 15.
Kh1 b5 16. Qg2 b4 17. Ne2 Re8 18. Ng3 g6 19. Nc1 Bb7 20. Nd3 Bf8 21. Qf2 Bg7
22. Rad1 f5 23. gxf6 Nxf6 24. Bb6 Qe7 25. Qg2 Ba8 26. Bg1 Qc7 27. h4 Kh8 28.
Rd2 a5 29. Qh3 Re7 30. Rfd1 Na7 31. Nf2 Nb5 32. Qg2 e5 33. f5 Bh6 34. fxg6 hxg6
35. Nh3 Bxd2 36. Qxd2 Rh7 37. h5 Nxh5 38. Nxh5 Rxh5 39. Bxh5 Bxe4+ 40. Kh2 gxh5
41. Bb6 Qxc2 42. Bxa5 Qxd2+ 43. Rxd2 Rg8 44. Rf2 Nd4 45. Ng1 Rg4 46. Bd8 Kg7
47. Be7 Nf5 48. Bd8 Nd4 49. Be7 Nf5 50. Bd8 Kf7 51. Nh3 Ke8 52. Bb6 Ke7 53. Re2
Ng3 54. Re1 Nf1+ 55. Rxf1 Rg2+ 56. Kh1 Rxb2+ 57. Kg1 Rg2+ 58. Kh1 Rxa2+ 59. Kg1
Rg2+ 60. Kh1 b3 0-1

[Event "XI Torneo Banco di Roma B"]
[Site "Roma ITA"]
[Date "1988.02.??"]
[Round "5"]
[White "Schneider, Attila"]
[Black "Bellia, Fabrizio"]
[WhiteElo "2420"]
[BlackElo "2265"]
[Result "1-0"]
[PlyCount "89"]
[EventDate "1988.02.20"]

1. d4 Nf6 2. c4 g6 3. Nc3 Bg7 4. e4 d6 5. f3 e5 6. d5 Nh5 7. Be3 O-O 8. Nge2 f5
9. Qd2 f4 10. Bf2 Bf6 11. O-O-O Bh4 12. Bg1 Nd7 13. Kb1 Rf7 14. Nc1 b6 15. b4
a5 16. a3 Ndf6 17. Nb3 axb4 18. axb4 g5 19. Kb2 g4 20. c5 bxc5 21. bxc5 Rg7 22.
Ra1 Rxa1 23. Kxa1 Kh8 24. c6 h6 25. Nb5 Nh7 26. Ba7 gxf3 27. gxf3 Ng5 28. Be2
Nh3 29. Qa5 Bf2 30. Bxf2 Nxf2 31. Rb1 Ng3 32. Bc4 Bh3 33. Nd2 Bg2 34. hxg3 fxg3
35. Nxc7 Qxc7 36. Qxc7 Rxc7 37. Rb8+ Kg7 38. Rb7 Bh3 39. Rxc7+ Kg6 40. Rb7 g2
41. Rb1 Kg5 42. c7 Kf4 43. Rg1 Kg3 44. Rxg2+ Kxg2 45. Bf1+ 1-0

[Event "XI Torneo Banco di Roma B"]
[Site "Roma ITA"]
[Date "1988.02.??"]
[Round "6"]
[White "Belotti, Bruno"]
[Black "Schneider, Attila"]
[WhiteElo "2340"]
[BlackElo "2420"]
[Result "1/2-1/2"]
[PlyCount "24"]
[EventDate "1988.02.20"]

1. d4 Nf6 2. c4 e6 3. Nf3 Bb4+ 4. Nbd2 c5 5. a3 Bxd2+ 6. Bxd2 cxd4 7. Nxd4 d5
8. cxd5 Qxd5 9. e3 a6 10. Qb3 Qxb3 11. Nxb3 Ne4 12. Bd3 Nxd2 1/2-1/2

[Event "XI Torneo Banco di Roma B"]
[Site "Roma ITA"]
[Date "1988.02.??"]
[Round "6"]
[White "Bukal, Vladimir sr"]
[Black "Hansen, Lars Bo"]
[WhiteElo "2415"]
[BlackElo "2365"]
[Result "0-1"]
[PlyCount "80"]
[EventDate "1988.02.20"]

1. c4 Nf6 2. Nc3 c5 3. Nf3 e6 4. g3 b6 5. Bg2 Bb7 6. O-O d6 7. Re1 a6 8. e4 Qc7
9. d4 cxd4 10. Nxd4 Be7 11. Be3 O-O 12. Rc1 Nbd7 13. f4 Rfe8 14. g4 Nc5 15. Bf2
g6 16. b4 Red8 17. Qe2 Ncd7 18. Nd5 exd5 19. cxd5 Nc5 20. bxc5 dxc5 21. Be3 Qd7
22. Nc6 Bxc6 23. dxc6 Qxc6 24. g5 Nh5 25. e5 Qe6 26. Bxa8 Rxa8 27. Red1 Rc8 28.
Qf3 Ng7 29. Rd2 b5 30. Qb7 Qh3 31. Re1 Qe6 32. Qd7 c4 33. Qxe6 Nxe6 34. Rd7 Bb4
35. Rf1 Bc5 36. Kf2 Nxf4 37. Bxc5 Rxc5 38. Ke3 Ne6 39. Rfxf7 c3 40. Rf1 Rxe5+
0-1

[Event "XI Torneo Banco di Roma B"]
[Site "Roma ITA"]
[Date "1988.02.??"]
[Round "6"]
[White "Partos, Charles"]
[Black "Nikolic, Stanimir"]
[WhiteElo "2385"]
[BlackElo "2335"]
[Result "1/2-1/2"]
[PlyCount "69"]
[EventDate "1988.02.20"]

1. c4 Nf6 2. Nc3 c5 3. Nf3 Nc6 4. d4 cxd4 5. Nxd4 e6 6. Ndb5 d6 7. Bf4 e5 8.
Bg5 a6 9. Na3 Be6 10. e3 Rc8 11. Be2 Be7 12. O-O O-O 13. Qd2 Qa5 14. Rfd1 Rfd8
15. Bxf6 Bxf6 16. Nd5 Bxd5 17. Qxa5 Nxa5 18. Rxd5 Nc6 19. Rad1 Be7 20. Nc2 g6
21. g4 Nb8 22. R5d2 Nd7 23. Nb4 Nb6 24. b3 Kf8 25. Bf3 Rb8 26. Be4 Rdc8 27. Nd5
Nxd5 28. Bxd5 b5 29. Kg2 Bd8 30. f4 exf4 31. exf4 Ba5 32. Re2 Bb4 33. Rd4 bxc4
34. Bxc4 a5 35. Kf3 1/2-1/2

[Event "XI Torneo Banco di Roma B"]
[Site "Roma ITA"]
[Date "1988.02.??"]
[Round "6"]
[White "Passerotti, Pierluigi"]
[Black "Cocozza, Mario"]
[WhiteElo "2350"]
[BlackElo "2315"]
[Result "1-0"]
[PlyCount "67"]
[EventDate "1988.02.20"]

1. c4 c5 2. Nc3 Nc6 3. Nf3 g6 4. e3 Bg7 5. d4 cxd4 6. exd4 d6 7. d5 Ne5 8. Nxe5
Bxe5 9. Bd3 Bg7 10. O-O Nf6 11. Re1 O-O 12. Bg5 a6 13. Qd2 Re8 14. Rac1 Bd7 15.
a3 Qa5 16. Qf4 b5 17. cxb5 axb5 18. h3 Rab8 19. Rxe7 Rxe7 20. Bxf6 Bxf6 21.
Qxf6 Qd8 22. Qxd6 Be8 23. Qb4 Re5 24. Bc2 Qf6 25. Rd1 Rc8 26. Bd3 Bd7 27. Bxb5
Rb8 28. a4 Rg5 29. Qd4 Qf3 30. Bf1 Bxh3 31. Rd3 Qf5 32. Ne4 Bxg2 33. Bxg2 Rxb2
34. Nf6+ 1-0

[Event "XI Torneo Banco di Roma B"]
[Site "Roma ITA"]
[Date "1988.02.??"]
[Round "6"]
[White "Sibilio, Mario"]
[Black "Bellia, Fabrizio"]
[WhiteElo "2320"]
[BlackElo "2265"]
[Result "1/2-1/2"]
[PlyCount "89"]
[EventDate "1988.02.20"]

1. d4 Nf6 2. Nc3 d5 3. Bg5 Nbd7 4. f3 h6 5. Bf4 c6 6. Qd2 Nh5 7. e3 Nxf4 8.
exf4 e6 9. Nge2 Be7 10. Nd1 O-O 11. g3 Qb6 12. c3 c5 13. Ne3 Nb8 14. O-O-O Nc6
15. Nc2 a5 16. dxc5 Bxc5 17. Ned4 a4 18. h4 Na5 19. Rh2 Bd7 20. Qe1 Rfc8 21.
Kb1 a3 22. b3 Ba4 23. Ka1 Nc6 24. Rhd2 Nxd4 25. Nxd4 Bd7 26. Kb1 Bd6 27. Rc2
Qa5 28. Qe2 b6 29. Rdc1 Rc7 30. Qd3 Rac8 31. Be2 Be7 32. Nb5 Bxb5 33. Qxb5 Qxb5
34. Bxb5 Bf6 35. Ba6 Ra8 36. Bd3 Rac8 37. c4 dxc4 38. Rxc4 Rxc4 39. Rxc4 Rd8
40. Kc2 Be7 41. Rc6 Bc5 42. h5 Kf8 43. Rc7 Bf2 44. g4 Be3 45. Rb7 1/2-1/2